000 00466nam a2200181Ia 4500
008 220531s9999 xx 000 0 und d
041 _aeng
082 _a570.1
_bADH / SIN
100 _aAdhikari, S. A. / Sinha, A. K.
_958754
245 _aFundamentals Of Biology Of Animals
250 _a3RD
260 _aKolkata
_bNew central
_c1980
300 _a287
542 _d17-08-2013
650 _aBiology
_958755
906 _d2013-2014
999 _c33662
_d33662